Code of ethical principles for professional valuers (Record no. 113048)
[ view plain ]
| 000 -LEADER | |
|---|---|
| fixed length control field | 01492cad a22002055a 4500 |
| 001 - CONTROL NUMBER | |
| control field | L154587 |
| 008 - FIXED-LENGTH DATA ELEMENTS--GENERAL INFORMATION | |
| fixed length control field | 120103s2011 xxk f 000 0 eng d |
| 035 ## - SYSTEM CONTROL NUMBER | |
| System control number | (Sirsi) u154587 |
| 041 0# - LANGUAGE CODE | |
| Language code of text/sound track or separate title | eng |
| 110 2# - MAIN ENTRY--CORPORATE NAME | |
| Corporate name or jurisdiction name as entry element | International Valuation Standards Council |
| 9 (RLIN) | 5828 |
| 245 00 - TITLE STATEMENT | |
| Title | Code of ethical principles for professional valuers |
| Remainder of title | December2011 |
| Medium | [electronic resource] |
| 260 ## - PUBLICATION, DISTRIBUTION, ETC. | |
| Place of publication, distribution, etc. | London |
| Name of publisher, distributor, etc. | IVSC |
| Date of publication, distribution, etc. | 2011 |
| 505 2# - FORMATTED CONTENTS NOTE | |
| Formatted contents note | Introduction -- Applicability of this code -- Fundamental principles -- Fundamental principles - guidance -- Appendix 1 threats and safeguards -- Appendix 2 discussion of fundamental principles. |
| 520 ## - SUMMARY, ETC. | |
| Summary, etc. | This code has been prepared in order to promote ethical practice and conduct in valuation. It outlines five fundamental principles of conduct to which a professional valuer is expected to adhere when providing a valuation service. It provides guidance on the conceptual approach that should be adopted in applying the fundamental principles. Appendix 1 identifies the principal categories of threat that may compromise a professional valuer's ability to comply with the fundamental principles and the types of safeguard that may be appropriate to avoid or mitigate those threats. Appendix 2 offers additional discussion of the fundamental principles. |
| 590 ## - LOCAL NOTE (RLIN) | |
| Local note | NTK KA |
| 651 #4 - SUBJECT ADDED ENTRY--GEOGRAPHIC NAME | |
| Geographic name | International |
| 690 ## - LOCAL SUBJECT ADDED ENTRY--TOPICAL TERM (OCLC, RLIN) | |
| Topical term or geographic name as entry element | PROPERTY-PROPERTY APPRAISAL AND VALUATION |
| 856 40 - ELECTRONIC LOCATION AND ACCESS | |
| Uniform Resource Identifier | <a href="https://www.ivsc.org/pubs/index.html">https://www.ivsc.org/pubs/index.html</a> |
| Public note | View the code free of charge at www.ivsc.org |
| 942 ## - ADDED ENTRY ELEMENTS (KOHA) | |
| Suppress in OPAC | 0 |
| Withdrawn status | Lost status | Source of classification or shelving scheme | Damaged status | Not for loan | Home library | Current library | Shelving location | Date acquired | Total Checkouts | Full call number | Barcode | Date last seen | Copy number | Price effective from | Koha item type |
|---|---|---|---|---|---|---|---|---|---|---|---|---|---|---|---|
| Dewey Decimal Classification | Virtual | Virtual | Online | 02/01/2012 | ONLINE PUBLICATION | 154587-2001 | 06/08/2019 | 1 | 06/08/2019 | Book |